LEADER 00738nam0 2200253 450 001 000006972 005 20060403091753.0 010 $a88-14-10639-8 100 $a20060403d2003----km-y0itay50------ba 101 0 $aita 102 $aIT 105 $ay-------001yy 200 1 $aIstituzioni di diritto del lavoro$fdi Marco Biagi$gcontinuato da Michele Tiraboschi 205 $a2. ed. 210 $aMilano$cGiuffrè$d2003 215 $aXXI, 590 p.$d24 cm 676 $a344.4501$v20 700 1$aBiagi,$bMarco$0323974 702 1$aTiraboschi,$bMichele 801 0$aIT$bUNIPARTHENOPE$c20060403$gRICA$2UNIMARC 912 $a000006972 951 $aP-0009$b36719$cNAVA3 996 $aIstituzioni di diritto del lavoro$965546 997 $aUNIPARTHENOPE LEADER 01796nam 2200493 450 001 9910705857903321 005 20170727135505.0 035 $a(CKB)5470000002453837 035 $a(OCoLC)995172650 035 $a(EXLCZ)995470000002453837 100 $a20170727j199807 ua 0 101 0 $aeng 135 $aurbn||||||||| 181 $ctxt$2rdacontent 182 $cc$2rdamedia 183 $acr$2rdacarrier 200 10$aMeasurement of xenon viscosity as a function of low temperature and pressure /$fStanley P. Grisnik 210 1$aCleveland, Ohio :$cNational Aeronautics and Space Administration, Lewis Research Center,$dJuly 1998. 215 $a1 online resource (5 pages) $cillustrations 225 1 $aNASA/TM ;$v1998-208409 300 $a"July 1998." 300 $a"Prepared for the 34th Joint Propulsion Conference cosponsored by AIAA, ASME, SAE, and ASEE, Cleveland, Ohio, July 12-15, 1998." 300 $a"Performing organization: National Aeronautics and Space Administration, Lewis Research Center"--Report documentation page. 300 $a"AIAA-98-3498." 320 $aIncludes bibliographical references (page 3). 606 $aDensity measurement$2nasat 606 $aGas viscosity$2nasat 606 $aXenon$2nasat 606 $aPressure effects$2nasat 606 $aCapillary flow$2nasat 615 7$aDensity measurement. 615 7$aGas viscosity. 615 7$aXenon. 615 7$aPressure effects. 615 7$aCapillary flow. 700 $aGrisnik$b Stanley P.$01423015 712 02$aLewis Research Center, 801 0$bGPO 801 1$bGPO 801 2$bGPO 906 $aBOOK 912 $a9910705857903321 996 $aMeasurement of xenon viscosity as a function of low temperature and pressure$93549112 997 $aUNINA